000 01911cam a2200301 4500
001 ##L134213
008 060718n2006 000 0 eng u
035 _a(Sirsi) u134213
041 0 _aeng
050 0 4 _a711.1 $2 18
110 1 _aUnited Kingdom
_bDepartment for Communities and Local Government
_94939
245 0 0 _aEnvironmental impact assessment
_ba guide to good practice: a consultation
260 _aLondon
_bDCLG
_c2006
520 _aConsults on the revised guidance to good practice and procedures relating to Environmental Impact Assessment (EIA), updating and consolidating earlier ODPM and DETR guidance. Provides advice on the statutory procedures that must be followed for any EIA application (including the decision whether the EIA Regulations apply), reflects good practice guidance on the implementation of the process and suggests additional information. The guide is structured around the seven key stages of EIA. Responses are required by 22 September 2006.
590 _aIKA180706
650 2 4 _aDIRECTIVE 85/337/EEC
650 2 4 _aTOWN AND COUNTRY PLANNING (ENVIRONMENTAL ASSESSMENT AND UNAUTHORISED DEVELOPMENT) REGULATIONS 1995
650 2 4 _aTOWN AND COUNTRY PLANNING (ASSESSMENT OF ENVIRONMENT EFFECTS) REGULATIONS 1988
650 2 4 _aTOWN AND COUNTRY PLANNING (ENVIRONMENTAL IMPACT ASSESSMENT)(AMENDMENT) REGULATIONS 2006
650 2 4 _aTOWN AND COUNTRY PLANNING (ENVIRONMENTAL IMPACT ASSESSMENT)(ENGLAND AND WALES) REGULATIONS 1999
650 2 4 _aDETR CIRCULAR 02/99
650 2 4 _aDIRECTIVE 2003/35/EC ART 3
650 2 4 _aDIRECTIVE 97/11/EC
651 4 _aEngland and Wales
_y1543-
690 _aENVIRONMENTAL AND LAND CONSULTANCY-ENVIRONMENTAL MANAGEMENT-ENVIRONMENTAL ASSESSMENT-ENVIRONMENTAL IMPACT ASSESSMENT
856 4 0 _uhttps://www.communities.gov.uk/index.asp?id=1501001
_zView the consultation paper free of charge at www.communities.gov.uk...
942 _n0
999 _c105597
_d105597